000 00508nam a2200181Ia 4500
005 20250508152112.0
008 008 250505s9999 xx 000 0 eng d
037 _aTextual
040 _aFEDL
_beng
_cFEDL
041 _aeng
_2eng
084 _a371.995, CUT
_qFEDL
100 _aCutts Norma E
_994415
245 0 _aTeaching the bright and gifted
260 _aEnglewood Cliffs
_b Prentice-Hall
_c1957
300 _axiv,268p.
942 _cTEXL
_h371.995, CUT
999 _c1334264
_d1334264